Welcome to the Holygrace Academy Library

Please use search bar below to get started

QUIZ TIME (Record no. 6877)

MARC details
000 -LEADER
fixed length control field 00289nam a22001457a 4500
020 ## - INTERNATIONAL STANDARD BOOK NUMBER
ISBN 93-843844-5-2
082 ## - DEWEY DECIMAL CLASSIFICATION NUMBER
Classification number 001
Item number UTI/Q
100 ## - MAIN ENTRY--AUTHOR NAME
Personal name UTIAL, IVAR
245 ## - TITLE STATEMENT
Title QUIZ TIME
260 ## - PUBLICATION, DISTRIBUTION, ETC. (IMPRINT)
Place of publication NEW DELHI
Name of publisher V & s pUBLISHERS
300 ## - PHYSICAL DESCRIPTION
Number of Pages 205
520 ## - SUMMARY, ETC.
Summary, etc QUIZ
650 ## - SUBJECT ADDED ENTRY--TOPICAL TERM
Topical Term QUIZ
942 ## - ADDED ENTRY ELEMENTS (KOHA)
Koha item type Books
Holdings
Withdrawn status Lost status Collection code Home library Current library Shelving location Date acquired Source of acquisition Cost, normal purchase price Full call number Accession Number Koha item type
    G.K Main Library Main Library SHELF-17B-- G.K RELATED QUIZ BOOK 26/10/2023 Purchase 295.00 001 UTI/Q 13004 Books